Sale construction and psychometrics (Record no. 1848230)

MARC details
000 -LEADER
fixed length control field 00546nam a22001937a 4500
005 - DATE AND TIME OF LATEST TRANSACTION
control field 20260410134404.0
008 - FIXED-LENGTH DATA ELEMENTS--GENERAL INFORMATION
fixed length control field 260410b |||||||| |||| 00| 0 eng d
037 ## - SOURCE OF ACQUISITION
Terms of availability DSWL
040 ## - CATALOGING SOURCE
Original cataloging agency DSWL
Transcribing agency DSWL
041 ## - LANGUAGE CODE
Language code of original eng
084 ## - COLON CLASSIFICATION NUMBER
Classification number S8:7 Q1
100 ## - MAIN ENTRY--PERSONAL NAME
Personal name Furr, R Michael
9 (RLIN) 1234674
245 ## - TITLE STATEMENT
Title Sale construction and psychometrics
260 ## - PUBLICATION, DISTRIBUTION, ETC.
Place of publication, distribution, etc. New Delhi,
Name of publisher, distributor, etc. Sage Publication,
Date of publication, distribution, etc. 2011
300 ## - PHYSICAL DESCRIPTION
Extent 153p
365 ## - TRADE PRICE
Price type code INR
Price amount 2695
942 ## - ADDED ENTRY ELEMENTS (KOHA)
Source of classification or shelving scheme Colon Classification (CC)
Koha item type Textual
Classification part S8:7 Q1
Suppress in OPAC No
Holdings
Withdrawn status Lost status Source of classification or shelving scheme Damaged status Not for loan Home library Current library Date acquired Source of acquisition Cost, normal purchase price Inventory number Total Checkouts Full call number Barcode Date last seen Price effective from Koha item type
    Colon Classification (CC)     Department of Social Work Library Department of Social Work Library 2018-02-28 Anshika Book International 2695.00 1231/26.02.18   S8:7 Q1 SW0032360 2026-04-10 2026-04-10 Textual
Copyright @ Delhi University Library System